000 00955nam a22002417a 4500
003 OSt
005 20260417150832.0
008 260417b ||||| |||| 00| 0 spa d
020 _a9789583069314
040 _cCO-Mq BPB
041 _aspa
082 _aNG
_bCHAd
100 _aChamblain, Joris
_eautor
245 _aEl diario de Cereza y Valentín
264 _aBogotá;
_bPanamericana,
_c2025
300 _a60 paginas;
_bTapa dura, ilustraciones a color,
_c23 cm
521 _aEl diario de Cereza y Valentín es una novela gráfica infantil que combina aventura, imaginación y emociones familiares. En esta historia, Cereza vive un cambio importante en su vida al integrarse en una nueva familia, lo que la lleva a fortalecer la relación con Valentín, su hermanastro.
650 _aAdaptación y convivencia
650 _aEmpatía
650 _aImaginación y aventura
700 _aMerino, Juan Fernando
_etraductor
942 _2ddc
_cBKLIT
999 _c16251
_d16251